| 000 | 00935nam a2200265Ia 4500 | ||
|---|---|---|---|
| 003 | OSt | ||
| 005 | 20220926020849.0 | ||
| 006 | a|||||r|||| 00| 0 | ||
| 007 | ta | ||
| 008 | 220923b |||||||| |||| 00| 0 eng d | ||
| 020 |
_a9780387727561 _c5241.9300000000003 |
||
| 037 |
_b27315, 19/03/2009, Segment Book Distrobutors _cGeneral Book |
||
| 040 |
_aRTL _cRTL _beng |
||
| 041 |
_2eng _aeng |
||
| 082 | _aX:31:(B), P8 | ||
| 100 |
_aChotikapanich Duang Kamon Ed. _9325277 |
||
| 245 | 0 | _aModeling income distributions and lorenz curves. | |
| 260 |
_aNew York _bSpringer Science+Business _c2008 |
||
| 300 |
_axiv, 322p. _ccm. |
||
| 490 | _aEconomic Studies in Equality, Social Exclusion and Well-being | ||
| 500 | _aBibliography: Chapterwise | ||
| 650 | _aEconomics | ||
| 942 |
_hX:31:(B), P8 _cGB _2CC |
||
| 999 |
_c635137 _d635137 |
||